| 000 | 00814nam a2200265Ia 4500 | ||
|---|---|---|---|
| 001 | Para_4412 | ||
| 003 | CHAP | ||
| 008 | 220125s1944 xx 000 0 und d | ||
| 010 | _a202839 | ||
| 040 | _cCHAP | ||
| 090 | _aPA FOLLETO 1646 | ||
| 100 |
_aMcGregor, E. A _973575 |
||
| 245 |
_aThe citrus thrips, measures for its control, and their effect on other citrus pests / _c by E. A. McGregor |
||
| 260 |
_aWashington : _b Department of Agriculture |
||
| 300 | _a12 p. | ||
| 440 |
_aEUA. Department of Agriculture Circular; 708 _9168273 |
||
| 650 |
_aScirtothrips citri CĂtricos _x Plagas Trips _9168274 |
||
| 901 | _aPA FOLLETO 1646 | ||
| 902 | _aA | ||
| 905 | _a0000001944 WAS 0000000000 00 | ||
| 910 | _a1944 | ||
| 942 | _cPARA | ||
| 942 |
_cPARA _d1 |
||
| 999 |
_c202839 _d202839 |
||